<?xml version="1.0" encoding="UTF-8"?>
<record
    xmlns:xsi="http://www.w3.org/2001/XMLSchema-instance"
    xsi:schemaLocation="http://www.loc.gov/MARC21/slim http://www.loc.gov/standards/marcxml/schema/MARC21slim.xsd"
    xmlns="http://www.loc.gov/MARC21/slim">

  <leader>02855nam a2200289Ia 4500</leader>
  <controlfield tag="003">OSt</controlfield>
  <controlfield tag="005">20210903090600.0</controlfield>
  <controlfield tag="008">210310s2012    ck ad  fr     000 0dspa d</controlfield>
  <datafield tag="020" ind1=" " ind2=" ">
    <subfield code="a">9789587620498</subfield>
  </datafield>
  <datafield tag="040" ind1=" " ind2=" ">
    <subfield code="a">CO-JMCR</subfield>
    <subfield code="c">CO-JMCR</subfield>
  </datafield>
  <datafield tag="041" ind1="0" ind2=" ">
    <subfield code="a">spa</subfield>
  </datafield>
  <datafield tag="082" ind1="0" ind2="4">
    <subfield code="a">339 /</subfield>
    <subfield code="b">V297m</subfield>
    <subfield code="2">23</subfield>
  </datafield>
  <datafield tag="100" ind1="1" ind2=" ">
    <subfield code="a">Vargas Valbuena, Martha Alicia, </subfield>
    <subfield code="9">17340</subfield>
    <subfield code="e">autora</subfield>
  </datafield>
  <datafield tag="245" ind1="1" ind2="0">
    <subfield code="a">Macroeconom&#xED;a b&#xE1;sica : </subfield>
    <subfield code="b">con indicadores econ&#xF3;micos / </subfield>
    <subfield code="c">Martha Alicia Vargas Valbuena</subfield>
  </datafield>
  <datafield tag="250" ind1=" " ind2=" ">
    <subfield code="a">Primera edici&#xF3;n</subfield>
  </datafield>
  <datafield tag="260" ind1=" " ind2=" ">
    <subfield code="a">Bogot&#xE1; : </subfield>
    <subfield code="b">Ediciones de la U, </subfield>
    <subfield code="c">2012</subfield>
  </datafield>
  <datafield tag="300" ind1=" " ind2=" ">
    <subfield code="b">205 p&#xE1;ginas : </subfield>
    <subfield code="a">ilustraciones y gr&#xE1;ficas a blanco y negro ; </subfield>
    <subfield code="c">24 cm.</subfield>
  </datafield>
  <datafield tag="490" ind1="0" ind2=" ">
    <subfield code="a">Econom&#xED;a</subfield>
  </datafield>
  <datafield tag="500" ind1=" " ind2=" ">
    <subfield code="a">Incluye notas a pie de p&#xE1;gina y datos biogr&#xE1;ficos de la autora.</subfield>
  </datafield>
  <datafield tag="504" ind1=" " ind2=" ">
    <subfield code="a">Bibliograf&#xED;a: p&#xE1;ginas 203-205</subfield>
  </datafield>
  <datafield tag="505" ind1="0" ind2=" ">
    <subfield code="a">La econom&#xED;a: planeta Tierra y especie humana -- Efectos econ&#xF3;micos de las interacciones entre el planeta Tierra y la especie humana -- Macroeconom&#xED;a -- Determinaci&#xF3;n de las principales macromagnitudes o agregados -- Los agentes econ&#xF3;micos y su influencia -- Nivel general de precios, tasas e inflaci&#xF3;n y ciclos econ&#xF3;micos -- La producci&#xF3;n de un pa&#xED;s como agregado b&#xE1;sico -- Cuantificaci&#xF3;n y crecimiento de la producci&#xF3;n -- Limitaciones de la macroeconom&#xED;a -- Pol&#xED;ticas macroecon&#xF3;micas -- C&#xF3;mo leer e interpretar la econom&#xED;a -- Comparativo de los hechos o categor&#xED;as econ&#xF3;micas</subfield>
  </datafield>
  <datafield tag="520" ind1="3" ind2=" ">
    <subfield code="a">Mi experiencia docente de m&#xE1;s de 20 a&#xF1;os, me ha mostrado la necesidad de considerar la funcionalidad de los conocimientos y por ende la did&#xE1;ctica de las disciplinas, haciendo entendibles los temas y sus relaciones; por tal raz&#xF3;n este documento, m&#xE1;s que mostrar la historia de las teor&#xED;as, el dise&#xF1;o de modelos y los postulados de los grandes pensadores, se limitar&#xE1; a dar las pautas para conocer y comprender el funcionamiento de la Econom&#xED;a de manera elemental, permitiendo la asimilaci&#xF3;n de los temas.
Para lograr este cometido se utilizar&#xE1; en lo posible un lenguaje sencillo, claro y descriptivo, as&#xED; como fotograf&#xED;as, gr&#xE1;ficas, diagramas, tablas y figuras que enriquezcan los contenidos y faciliten la comprensi&#xF3;n de los mismos.
Propongo un nuevo m&#xE9;todo de ver o estudiar la econom&#xED;a, reorganizando los contenidos y d&#xE1;ndoles una secuencia l&#xF3;gica, la cual se basa en las preguntas y dudas m&#xE1;s recurrentes de los estudiantes de las distintas universidades de Bogot&#xE1; en las que he prestado mis servicios; en algunos temas y a prop&#xF3;sito, se repetir&#xE1;n conceptos, para reforzar el aprendizaje.
As&#xED; mismo, al inicio de cada capitulo se plantean las competencias a obtener con su lectura y al final se proponen actividades para verificar los aprendizajes logrados.</subfield>
  </datafield>
  <datafield tag="650" ind1="1" ind2="4">
    <subfield code="a">Macroeconom&#xED;a</subfield>
    <subfield code="9">17342</subfield>
  </datafield>
  <datafield tag="650" ind1="2" ind2="4">
    <subfield code="a">Agentes econ&#xF3;micos y su influencia </subfield>
    <subfield code="9">39943</subfield>
  </datafield>
  <datafield tag="650" ind1="2" ind2="4">
    <subfield code="a">Principales macromagnitudes</subfield>
    <subfield code="9">39944</subfield>
  </datafield>
  <datafield tag="942" ind1=" " ind2=" ">
    <subfield code="2">ddc</subfield>
    <subfield code="c">BK</subfield>
  </datafield>
  <datafield tag="999" ind1=" " ind2=" ">
    <subfield code="c">8461</subfield>
    <subfield code="d">8461</subfield>
  </datafield>
  <datafield tag="952" ind1=" " ind2=" ">
    <subfield code="0">0</subfield>
    <subfield code="1">0</subfield>
    <subfield code="2">ddc</subfield>
    <subfield code="4">0</subfield>
    <subfield code="7">0</subfield>
    <subfield code="8">NFIC</subfield>
    <subfield code="a">CPL</subfield>
    <subfield code="b">CPL</subfield>
    <subfield code="d">2018-04-15</subfield>
    <subfield code="e">Donaci&#xF3;n</subfield>
    <subfield code="l">2</subfield>
    <subfield code="m">2</subfield>
    <subfield code="o">339 / V297m</subfield>
    <subfield code="p">430000272</subfield>
    <subfield code="r">2026-02-26 16:21:49</subfield>
    <subfield code="s">2026-02-26</subfield>
    <subfield code="t">Ej.1</subfield>
    <subfield code="y">BK</subfield>
  </datafield>
</record>
